00771 2200193 4500001002100000005001500021035002000036008004100056245006600097100002300163250000600186260002800192300001200220084001400232082000800246650001000254520030100264990001200565INLIS00000000000109320240522101917 a0010-0524000328240522 1 ind 1 aSHADOW; Menyertaimu Saaat Kamu Terbangun /cNisrina Salsabila aSalsabila, Nisrina a1 aBandung :bDAR !,c2015 a164 hlm a813 NIS s a813 4aFiksi aMerupakan hal terburuk yang dialami gadis manapun. Kematian selalu muncul dalam mimpiku. Yang membuatku bergidik, semua mimpi itu jadi kenyataan! Kini kakak dan guru kesayanganku telah pergi selamanya. Selebihnya, teman-teman menjauhiku. Tidak seorang pun ingin masuk ke dalam hidup dan mimpiku. a0744071